000 00351nam a2200145Ia 4500
008 120913t2009 xxu||||| |||| 00| 0 eng d
041 _aeng
080 _a8-31 (eng)
_bKAR
245 _aBalancing The World
260 _aKandy Books
_aKandy
_c2009
300 _b305p, 22 cm
942 _cBK
999 _c41964
_d41964
003 LK-CoDNM
040 _aLK-CoDNM
_dLK-CoDNM
_eLK-CoDNM